01255nam a2200337 a 4500001001000000003000900010005001700019008003100036020001800067040002300085082002800108111007400136245006600210260008200276300002000358500007200378586003300450590002600483650002500509650002700534650002600561650002300587700002400610700002600634700002100660710007400681910001100755942001200766952012200778999001700900000048968DO-SdBNP20210716090625.0190510s2018 dr 000 spa d a9789945590791 aBPMSU bspacBPMSU aRD863.5bP925b 20172222 aPremios FUNGLODE de Cuentos Juan Bosch d(2017 : cSanto Domingo ) 0aBelleza fatal y otros cuentos. /cRoberto Adames... [y otros] aSanto Domingo :bFundación Global Democracia y Desarrollo (FUNGLODE)c2018. a74 p. ;c23 cm. a Incluye datos biográficos de los nominados en la contracubierta  aPremios FUNGLODE /GFDD, 2017 aInventariado, 2021/VM 4aCuentos dominicanos  4aLiteratura dominicana  4aCertamenes literarios 4aPremios literarios1 aRodríguez, Danilo1 aVillamán, Elizabeth1 aGuzmán, Michel2 aFundación Global Democracía y Desarrollo (República Dominicana) aVMateo 2ddccBK 00102ddc40708CDaBPMETbBPMETd2021-06-08oBPMSU CD RD863.5 P925b 2017pBPMSU21060027r2021-06-08w2021-06-08yBK c13562d13562